Quizzes
Events
Quiz Creation
Community
Videos
Private Events
Remove Ads
Sign In
Join for FREE
Feedback
Dark Mode
Quiz Categories
Sports
Geography
Music
Movies
Television
Just For Fun
Miscellaneous
History
Literature
Language
Science
Gaming
Entertainment
Religion
Holiday
For Kids
Quiz Lab
Recent
Popular Today
Quiz Kudos Today
Editor Picks
Curator Picks
Quizzes by...
Day
Popularity
Type
Ratings
Length
Year
Community
Subscriptions
Recent Discussions
Orange Saloon
Badges
Playlists
Quests
Create
Leaderboards
Showdown
Live 5
Trivia Bingo
Activity
Puzzle Library
Sporcle Events
Private Events
Virtual Trivia
Globe League
Become a Host
Pub Owners
SporcleCon
Opinionation
Our Games
Videos
Blog
Mobile Apps
Partnerships
Remove Ads and Go Orange
Feedback
Movies
Disney
Marvel Cinematic Universe
Movie Resume
Movie Titles
Oscar
Actor
Actress
Director
Pixar
Role
Movie Quotes
Movie Characters
Box Office
Nominee
Best Picture
Star Wars
James Bond
Horror Movies
Movies
Disney
Marvel Cinematic Universe
Movie Resume
Movie Titles
Oscar
Actor
Actress
Director
Pixar
Role
Movie Quotes
Movie Characters
Box Office
Nominee
Best Picture
Star Wars
James Bond
Horror Movies
Random Quiz
Search Sporcle
×
Quiz Lab
Quiz Lab
Movies
Actor
Type in answers that appear in a list
Type in answers that appear in a list
Classic
Best Score? Go Orange.
Movie Name Chain Game Stats
Can you name the movie that contains the capitalized word from the movie title above (See comments)?
By
jimmyrickards
10m
37 Questions
2,202 Plays
2,202 Plays
2,202 Plays
Comments
Comments
Give Quiz Kudos
Give Quiz Kudos
-
- Ratings
hide this ad
More Info
Replay
Link that replays current quiz
Next Quiz
Link to next quiz in quiz playlist
You Got
0%
They Got
Avg Score
39%
Avg Friend Score
Upgrade to see
Score Distribution
Jump to the score distribution portion of the page
Score
0/37
Timer
10:00
0
Plays Today
Actor/Actress (Year)
Movie
% Correct
Tobey Maguire (2002)
Spider-MAN
85.6%
Julia Roberts (1990)
Pretty WOMAN
81.7%
Daniel Radcliffe (2005)
HARRY Potter and the Goblet of Fire
65.3%
Clint Eastwood (1971)
DIRTY Harry
65.3%
Molly Ringwald (1986)
PRETTY in Pink
64.8%
Denzel Washington (2004)
Man on FIRE
60.2%
Matt Damon (1997)
Good WILL Hunting
57.9%
Daniel Day-
Lewis (2007)
There Will Be BLOOD
55.2%
Steve Martin (2003)
Cheaper BY the Dozen
51.3%
Russell Crowe (2001)
A BEAUTIFUL Mind
46.5%
Tom Cruise (1992)
A Few GOOD Men
46%
Paul Rudd (2009)
I Love You, MAN
44.8%
Josh Brolin (2007)
No Country for Old MEN
43.7%
Jim Carrey (2004)
Eternal Sunshine of the Spotless MIND
41.9%
Leonardo DiCaprio (2002)
Catch Me If YOU Can
41%
Elijah Wood (2003)
The Lord of the Rings: The RETURN of the King
41%
Lee Marvin (1967)
The Dirty DOZEN
39.3%
Clive Owen (2006)
CHILDREN of Men
38.8%
Greg Kinnear (2006)
Little Miss SUNSHINE
34.4%
Actor/Actress (Year)
Movie
% Correct
Cary Grant (1959)
NORTH by Northwest
29.3%
Dwayne Johnson (2007)
The GAME Plan
27.8%
Kate Winslet (2006)
LITTLE Children
27.2%
William Hurt (1985)
Kiss of the SPIDER Woman
27%
Kirsten Dunst (2001)
CRAZY/Beautiful
26.3%
Bruce Willis (2007)
LIVE Free or Die Hard
26.2%
Frances McDormand (1985)
Blood SIMPLE
25.8%
Jet Li (2000)
Romeo Must DIE
25.6%
Peter Sellers (1975)
The Return of the PINK Panther
25%
Charlize Theron (2005)
North COUNTRY
23.3%
Roger Moore (1977)
The Spy Who Loved ME
22.6%
Dustin Hoffman (1976)
All the President's MEN
22.3%
Robert Redford (2001)
SPY Game
20.9%
Sean Connery (1967)
You Only Live TWICE
19.2%
Billy Bob Thornton (1998)
A Simple PLAN
18.3%
N!xau (1980)
The Gods MUST Be Crazy
16%
Paul Scofield (1966)
A Man for ALL Seasons
15.1%
Lana Turner (1946)
The Postman Always RINGS Twice
11.9%
Quiz Playlist
Details
Report
Send in Message
Add To Playlist
More Info:
Example: 12 Angry MEN --> Men in BLACK --> Black Hawk DOWN...
Classic:
Type in answers that appear in a list
Last Updated: Feb 16, 2017
Quiz Scoreboard
CHALLENGE
Sign Up to Join the Scoreboard
Show All
Scores
Hide
Comments
May contain spoilers
Recently Published
An Introduction to Baseball
by treessimontrees
Sports
5m
Movies - When Are They Set?
by FPL_Elf
Movies
5m
Popular People in 1961
by mucciniale
History
6m
More to Explore
Quiz From the Vault
Featured Blog Post
Where Did the Easter Bunny Come From?
hide this ad
You Might Also Like...
Tags
Actor Quiz
Actress Quiz
Capitalized
Today's Top Quizzes in Movies
Browse Movies
hide this ad
Today's Top Quizzes in Actor
Browse Actor
Top Contributed Quizzes in Movies
1
Pick 5 Posters: Directed by Spielberg
2
Multi-Oscar Nominations, One Movie, One Winner
3
12 Movies about Fictional 1960s Events
4
One Thing in Common: Movies
5
Sunday Crossword: Film Score Composers
6
One Thing in Common: Movies II
7
Pick 5 Posters: Lowest-Rated Spielberg
8
Three Word 'H' Movies Match Up
9
Three Word 'T' Movies Match Up
10
7-to-1: Pixar Characters
Explore More
Trending Topics
Harry Potter
Kpop
Disney
Marvel
Anime
NBA
Crossword
Puzzle
Pokémon
Soccer
WWE
Song
The Office
Country
NFL
hide this ad
More By:
jimmyrickards
Quiz
Plays
Rating
Category
Featured
Created
World Capital per Letter
205,202
4.44
Geography
Dec 13, 2009
Championship Losers (2000s)
193,983
4.07
Sports
Nov 16, 2009
Countries Starting With Vowels
175,599
4.62
Geography
Jan 2, 2010
Aa to Az in 4 Letters
174,016
4.28
Language
Oct 30, 2009
Shortened Famous Names
145,983
4.25
Entertainment
Dec 22, 2009
Go to Creator's Profile
Score Distribution
Quiz Creator Spotlight
jimmyrickards
Follow
Send a Message
Quizzes Created
-
Created Quiz Play Count
-
More By This Creator
Popular Quizzes Today
1
Find the Countries of Europe - No Outlines Minefield
2
Find the US States - No Outlines Minefield
3
The Countries of the World
4
Popular People in 1961
5
US States
6
1-10 Letter E Words III
7
Find the US States
8
One Thing in Common: World Cities II
More Movies Quizzes
1930-1939 Minimalist Movie Posters
Quiz Lab
Trending Quizzes
Risky Map Clicking: Least Populous States A-Z
1-10 Letter F Words
1-10 Letter G Words
One Thing in Common: United Kingdom
Risky Map Clicking: Next State Alphabetically
Recently Updated
Leaping Animals
pecheneg
Reality TV Shows (A-Z)
bhenderson79
Rickey Henderson's Hall of Fame Teammates
pecheneg
Champions League XIs: Arsenal
pecheneg
Quick Pick: Celebrities in WWE's Hall of Fame
aduchscher
A-Z Keypad Blitz II
pecheneg
Multiple Oscar Actors
pecheneg
Mystery Phrase Blitz: Oscar 'Best Actors'
pecheneg
F. Scott Fitzgerald Novels
LTH
Pick 3 Villains
ddd62291
Trending Topics
Harry Potter
Crossword
NBA
Disney
Marvel
Kpop
Anime
WWE
The Office
Puzzle
Song
NFL
Country
Pokémon
Soccer
Your Account Isn't Verified!
In order to create a playlist on Sporcle, you need to verify the email address you used during registration. Go to your
Sporcle Settings
to finish the process.
Report this User
Report this user for behavior that violates our
Community Guidelines
.
Details:
Send Report
Go to the Sporcle.com Mobile Site →
Comments